| 000 | 00343nam a2200109Ia 4500 | ||
|---|---|---|---|
| 008 | 220204s9999 xx 000 0 und d | ||
| 020 | _a8123010052 | ||
| 082 |
_a058.7(540) _bIND |
||
| 245 | 0 | _aIndia 2002 : A reference manual | |
| 260 |
_aNew Delhi _bPublication Division, Ministry of Information & Broadcasting, Govt of India _c2002 |
||
| 942 | _cBK | ||
| 999 |
_c41919 _d41919 |
||